Countries with no registered kpop concerts - Statistics

General Stats
  • This quiz has been taken 16 times
    15 since last reset
  • The average score is 57 of 143
Answers on the Map
Answers color-coded by a green-red scale on the quiz's map according to % correct below.
 
Answer Stats
Country % Correct
Congo
67%
Belize
58%
Central african Republic
58%
Cuba
58%
Guatemala
58%
Iran
58%
Iraq
58%
Niger
58%
Nigeria
58%
Pakistan
58%
Panama
58%
Slovakia
58%
Slovenia
58%
Ukraine
58%
Venezuela
58%
Yemen
58%
Algeria
50%
Andorra
50%
Angola
50%
Armenia
50%
Azerbaijan
50%
Benin
50%
Dominica
50%
Gambia
50%
Guinea
50%
Honduras
50%
Jamaica
50%
Latvia
50%
Lebanon
50%
Libya
50%
Lithuania
50%
Madagascar
50%
Malawi
50%
Mali
50%
Malta
50%
Montenegro
50%
Oman
50%
Paraguay
50%
Senegal
50%
South Sudan
50%
Sudan
50%
Suriname
50%
Tunisia
50%
Uganda
50%
Uruguay
50%
Vatican City
50%
Afghanistan
42%
Bahamas
42%
Barbados
42%
Belarus
42%
Bolivia
42%
Brunei
42%
Chad
42%
Costa Rica
42%
Croatia
42%
cyprus
42%
Dominican Republic
42%
El Salvador
42%
Eritrea
42%
Estonia
42%
Ethiopia
42%
Fiji
42%
Ghana
42%
Guinea Bissau
42%
Guyana
42%
Haiti
42%
Kiribati
42%
Laos
42%
Lesotho
42%
Maldives
42%
Marshall Islands
42%
Mauritania
42%
Monaco
42%
Mongolia
42%
Mozambique
42%
Namibia
42%
Nicaragua
42%
Norway
42%
Rwanda
42%
Saint Vincent
42%
Samoa
42%
Serbia
42%
Seychelles
42%
Sierra Leone
42%
Solomon Islands
42%
Somalia
42%
Sri Lanka
42%
Tajikistan
42%
Togo
42%
Tonga
42%
Trinidad and Tobago
42%
Turkmenistan
42%
Vanuatu
42%
Zimbabwe
42%
Albania
33%
Bahrain
33%
Bhutan
33%
Bosnia And Herzegovina
33%
Burkina Faso
33%
Burundi
33%
Cambodia
33%
Comoros
33%
Equatorial Guinea
33%
Gabon
33%
Grenada
33%
Ireland
33%
Jordan
33%
Kuwait
33%
Liberia
33%
Liechtenstein
33%
Micronesia
33%
Myanmar
33%
Nauru
33%
Palau
33%
Papua New Guinea
33%
Qatar
33%
San Marino
33%
Syria
33%
Tanzania
33%
Tuvalu
33%
Zambia
33%
Bangladesh
25%
Botswana
25%
Cameroon
25%
DR Congo
25%
Ecuador
25%
Kenya
25%
Mauritius
25%
Moldova
25%
Nepal
25%
Saint Kitts and Nevis
25%
Cabo Verde
17%
Eswaiti
17%
Ivory Coast
17%
North Macedonia
17%
Palestine
17%
Santa Lucia
17%
Sao Tome and Principe
17%
Dijibuti
8%
Kyrgystan
8%
Luxemburg
8%
Timor Leste
8%
Antigua e Barbuda
0%
No matching quizzes found
Score Distribution
Percent of People with Each Score
Percentile by Number Answered
Your Score History
You have not taken this quiz since the last reset